000 00541nam a2200193Ia 4500
005 20260415160357.0
008 008 250505s9999 xx 000 0 hin d
037 _aTextual
040 _aFEDL
_beng
_cFEDL
041 _ahin
_2eng
084 _a510.7 PAN
_qFEDL
100 _aRamji Prasad Pandit
_9783799
245 0 _aGanit shikshan
260 _aKathmandu, Nepal
_bAnant Prakeshan
300 _a288p
650 _aMathematics - Teaching
_9756825
942 _cTEXL
_h510.7 PAN
999 _c1400279
_d1400279